000 00393nam a2200133Ia 4500
008 210430s9999 xx 000 0 und d
020 _a978-0-08-041003-6
082 _a660 C853 C
100 _aJ.F.Richardson
_952884
245 _aCoulson & Richardson,s Chemical Engineering 3rd Vol 3
_cJ.F.Richardson
260 _aOxford
_bButterworth-Heinemann
_c1991
300 _a776p.
942 _cBK
_2ddc
999 _c565376
_d565376